000 00561nam a2200241 a 4500
001 nice12345678
003 IN_TiNIC
005 20260116011344.0
008 050524s1936 lona grp 000 0 eng
020 _a
_c0
082 0 0 _a231.76
_bBUT
100 _aButler, B
245 _aAlalogy of Religion.
260 _aLondon
_bJ. M. Dent & Sons Ltd
_c1936
300 _a273p
500 _aincludes index and biblioraphy
505 2 _aIndex
650 _aPhilosophical-Theology
700 1 _aButler, B
902 _bSRS
942 _cBK
999 _c805
_d805